Resource assessment of non-wood forest products: experience and biometric principles (Record no. 80179)

MARC details
000 -LEADER
fixed length control field 00861nam a2200205 a 4500
008 - FIXED-LENGTH DATA ELEMENTS--GENERAL INFORMATION
fixed length control field 120416s2001 ||||||||||||||||| || u
020 ## - INTERNATIONAL STANDARD BOOK NUMBER
International Standard Book Number 925104614X
050 ## - LIBRARY OF CONGRESS CALL NUMBER
Classification number REF QH 323.5 Won
100 ## - MAIN ENTRY--PERSONAL NAME
Personal name Baker, Nell
245 10 - TITLE STATEMENT
Title Resource assessment of non-wood forest products: experience and biometric principles
260 ## - PUBLICATION, DISTRIBUTION, ETC.
Place of publication, distribution, etc. Rome
Name of publisher, distributor, etc. FAO
Date of publication, distribution, etc. 2001
300 ## - PHYSICAL DESCRIPTION
Extent xvii, 109p. : ill.
350 ## -
-- 0.00
650 ## - SUBJECT ADDED ENTRY--TOPICAL TERM
Topical term or geographic name entry element NATURAL RESOURCES--MANAGEMENT
650 ## - SUBJECT ADDED ENTRY--TOPICAL TERM
Topical term or geographic name entry element NATURAL RESOURCES SURVEYS
650 ## - SUBJECT ADDED ENTRY--TOPICAL TERM
Topical term or geographic name entry element RESOURCES
700 ## - ADDED ENTRY--PERSONAL NAME
Personal name Wong, Jennifer L. G
995 ## -
-- MAIN LIBRARY OPEN ACCESS
-- 0.00
-- 736715
-- CBU-MAIN LIBRARY (Kitwe)
-- 1
-- 25.00
-- QH 323.5 Won
-- 1
-- AVAILABLE
-- 39987
-- Main Library Open Access Collection
995 ## -
-- MAIN LIBRARY OPEN ACCESS
-- 0.00
-- 736716
-- CBU-MAIN LIBRARY (Kitwe)
-- 2
-- 25.00
-- QH 323.5 Won
-- 2
-- AVAILABLE
-- 39988
-- Main Library Open Access Collection
999 ## -
-- 80179
-- 80179
Holdings
Withdrawn status Lost status Source of classification or shelving scheme Damaged status Not for loan Permanent Location Current Location Shelving location Date acquired Total Checkouts Full call number Barcode Date last seen Copy number Price effective from Koha item type
          CBU-MAIN LIBRARY, KITWE. CBU-MAIN LIBRARY, KITWE.   06/29/2023   REF QH 323.5 Won 39987 06/29/2023 1 06/29/2023 MONOGRAPH
          CBU-MAIN LIBRARY, KITWE. CBU-MAIN LIBRARY, KITWE.   06/29/2023   REF QH 323.5 Won 39988 06/29/2023 2 06/29/2023 MONOGRAPH